Statistics for National Hockey League Teams by City

Click here to take the quiz!

General Stats

  • This quiz has been taken 117 times
  • The average score is 28 of 30

Answer Stats

CityTeam% Correct
AnaheimDucks
99%
ChicagoBlackhawks
98%
BostonBruins
98%
EdmontonOilers
97%
New York (R)Rangers
97%
St. LouisBlues
96%
CalgaryFlames
96%
New York (I)Islanders
96%
Los AngelesKings
96%
San JoseSharks
96%
VancouverCanucks
95%
New JerseyDevils
95%
TorontoMaple Leafs
95%
DetroitRed Wings
95%
OttawaSenators
95%
DallasStars
95%
ColoradoAvalanche
94%
ColumbusBlue Jackets
94%
CarolinaHurricanes
94%
WinnipegJets
94%
NashvillePredators
94%
BuffaloSabres
94%
MinnesotaWild
94%
MontrealCanadiens
93%
PhiladelphiaFlyers
93%
Tampa BayLightning
93%
FloridaPanthers
93%
PittsburghPenguins
93%
WashingtonCapitals
91%
ArizonaCoyotes
91%

Score Distribution

Percentile by Number Answered

Percent of People with Each Score

Your Score History

You have not taken this quiz